Catálogo
 En Linea

Panzer leader : (Registro nro. 26729)

Detalles MARC
000 -CABECERA
campo de control de longitud fija 00738nam a2200169 a 4500
001 - NÚMERO DE CONTROL
campo de control 000027237
005 - FECHA Y HORA DE LA ÚLTIMA TRANSACCIÓN
campo de control 20200930030706.0
008 - DATOS DE LONGITUD FIJA--INFORMACIÓN GENERAL
campo de control de longitud fija 110330s1953 dr abc 000 0 spa d
040 ## - FUENTE DE LA CATALOGACIÓN
Centro catalogador/agencia de origen DO-SdBNP
Lengua de catalogación spa
Centro/agencia transcriptor BNPHU
082 ## - NÚMERO DE LA CLASIFICACIÓN DECIMAL DEWEY
Número de clasificación xxx
Número de documento/Ítem G934p
100 1# - ENTRADA PRINCIPAL--NOMBRE DE PERSONA
Nombre de persona Guderian, Heinz,
Fechas asociadas al nombre 1888-1954
9 (RLIN) 54298
245 10 - MENCIÓN DE TÍTULO
Título Panzer leader :
Resto del título (Jefe de Panzers) /
Mención de responsabilidad, etc. Heinz Guderian ; prefacio B. H. Liddell Hart.
260 ## - PUBLICACIÓN, DISTRIBUCIÓN, ETC.
Lugar de publicación, distribución, etc. Ciudad Trujillo, República Dominicana :
Nombre del editor, distribuidor, etc. Editora del Caribe,
Fecha de publicación, distribución, etc. 1953.
300 ## - DESCRIPCIÓN FÍSICA
Extensión 594 p. :
Otras características físicas il. mapa, retrs. ;
Dimensiones 24 cm.
500 ## - NOTA GENERAL
Nota general Edición especial para las Fuerzas Armadas de la República Dominicana dispúesta por su comandate en jefe, generalísimo Dr. Rafael Leónidas Trujillo Molina.
700 1# - PUNTO DE ACCESO ADICIONAL--NOMBRE DE PERSONA
Nombre de persona Liddell Hart, B. H.
Término indicativo de función/relación pref.
9 (RLIN) 54299
Existencias
Estado de retiro Estado de pérdida No para préstamo Código de colección Localización permanente Ubicación/localización actual Ubicación en estantería Fecha de adquisición Número de inventario Total de préstamos Signatura topográfica completa Código de barras Fecha visto por última vez Precio válido a partir de Tipo de ítem Koha Número de copia
    Excluido de préstamo Patrimonio Dominicano Patrimonio Dominicano Patrimonio Dominicano Depósito 30.03.2011 LF1   xxx G934p 27237-10 25.06.2020 25.06.2020 Libro y Folleto Colección Patrimonio Dominicano  
    Excluido de préstamo Patrimonio Dominicano Patrimonio Dominicano Patrimonio Dominicano Depósito 20.01.2015 LF1   xxx G934p 27237-20 25.06.2020 25.06.2020 Libro y Folleto Colección Patrimonio Dominicano e. 2

Con tecnología Koha